000 01410nam a2200385 a 4500
001 000043533
003 DO-SdBNP
005 20260428073714.0
007 ta
008 140324s2009 dr 000 f spa d
020 _a9789945412314
040 _aDO-SdBNP
_bspa
_cBNPHU
_erda
041 _hspa
082 _aRD863.44
_bP925p, 2009
_222
111 _aPremios Funglode Novela
_d(2008 :
_cSanto Domingo)
_971299
245 1 0 _aPremio de novela Federico García Godoy.
264 _aSanto Domingo :
_bFUNGLODE,
_c2009.
300 _a202 páginas ;
_c26 cm.
336 _ardaconten
_btexto
_2txt
337 _ardamedia
_bsin mediación
_2n
338 _ardacarrier
_bvolumen
_2nc
505 0 _gprimer premio :
_tEl mar /
_rMáximo Vega --
_gSegundo premio :
_tRaquel /
_rDinorah Coronado --
_gTercer premio :
_tEl beso del colibrí /
_rJorge Luis Núñez Pascual
586 _aPremios Funglode /GFDD 2008 Novela
590 _aInventariado, 2019/VM
650 0 _aNovela dominicana
_9223
650 0 _aLiteratura dominicana.
_967
650 4 _aCertámenes literarios
_91541
650 0 _aPremios literarios
_91542
700 1 2 _aVega, Máximo
_tEl mar
_971300
700 1 2 _aDinorah Coronado
_tRaquel
_971301
700 1 2 _aJorge Luis Núñez Pascual
_tEl beso del colibrí
_971302
710 2 2 _aFundación Global Democracía y Desarrollo
_925477
910 _aValidado. Control de calidad MFF
942 _2ddc
_cLBS1
999 _c43022
_d43022